000 00575nam a2200193Ia 4500
003 GCL
008 140319s9999 xx 000 0 ara d
040 _aGCL /
_cGCL
082 0 4 _aق
_b728.81
_bع ق
100 1 _aعبدالرحمن زكى
245 1 0 _aقلعة صلاح الدين وقلاع اسلامية معاصرة /
_cعبدالرحمن زكى
300 _a183 ص
490 _aالالف كتاب
_v0
650 0 4 _aمصر
650 0 4 _aالتاريخ
650 0 4 _aقلعة صلاح الدين
650 0 4 _aالقلاع الاسلامية
942 _2ddc
_cBK
999 _c45356
_d45356